Λεσβιακά τοπογραφικά και εκκλησιαστικά : ήτοι οι Μυτιλήνης και Μηθύμνης ιεράρχαι, οι δήμοι Μανταμάδου και Καλλονής, αι επαρχίαι Μολύβου και Σιγρίου, μετά των μοναστηρίων
Αποθηκεύτηκε σε:
| Κύριος συγγραφέας: | |
|---|---|
| Μορφή: | Βιβλίο |
| Γλώσσα: | Greek |
| Δημοσίευση: |
Αθήνησι :
Τύποις Π.Δ. Σακελλαρίου,
1899.
|
| Θέματα: | |
| Ετικέτες: |
Προσθήκη ετικέτας
Δεν υπάρχουν, Καταχωρήστε ετικέτα πρώτοι!
|
MARC
| LEADER | 00000cam a2200000 i 4500 | ||
|---|---|---|---|
| 001 | 1/9615 | ||
| 008 | 100720s1899 gr | ||| |||| ||gre|| | ||
| 035 | |l 10108709 | ||
| 040 | |a GR-MyUa |b gre |e AACR2 | ||
| 041 | 0 | |a gre | |
| 082 | 7 | |a 938.974 |2 (22) | |
| 100 | 1 | |a Δράκος, Ευστράτιος Ι. | |
| 245 | 1 | 0 | |a Λεσβιακά τοπογραφικά και εκκλησιαστικά : |b ήτοι οι Μυτιλήνης και Μηθύμνης ιεράρχαι, οι δήμοι Μανταμάδου και Καλλονής, αι επαρχίαι Μολύβου και Σιγρίου, μετά των μοναστηρίων / |c Ευστρατίου Ι. Δράκου. |
| 260 | |a Αθήνησι : |b Τύποις Π.Δ. Σακελλαρίου, |c 1899. | ||
| 300 | |a 2 τ. ; |c 21 εκ. | ||
| 500 | |a Το τεκμήριο δεν είναι ολοκληρωμένο. Λείπουν σελίδες. | ||
| 500 | |a Διαθέσιμο στο διαδίκτυο. | ||
| 651 | 0 | |a Lesbos (Greece : Municipality) |x Church history. | |
| 852 | |a INST |b LESVOS |e 20100720 |h 938.974 ΔΡΑ |p 005100048187 |q 005100048187 |t BK |y 23 |z τ.2 | ||
| 852 | |a INST |b LESVOS |e 20100720 |h 938.974 ΔΡΑ |p 005100048187 |q 005100048187 |t BK |v τ.2: |y 23 |z τ.2 | ||
| 853 | |a INST |b LESVOS |h 938.974 ΔΡΑ | ||
| 901 | |a BIBL1-2010-2 | ||
| 970 | |a ΚΑΡΑ |b ΓΙΑΣΕΜΗ |z 2010/07/20 | ||